Liam Payne Filmography - Statistics

General Stats
  • This quiz has been taken 37 times
    4 since last reset
  • The average score is 4 of 21
Answer Stats
Type Year Name % Correct
Concert Film 2013 One Direction: This Is Us
75%
Concert Film 2014 One Direction: Where We Are - The Concert Film
75%
TV Show 2008-2017 The X Factor UK
75%
Film 2021 Ron's Gone Wrong
50%
Commercial 2016 Honda Civic
25%
TV Show 2012 iCarly
25%
Documentary 2023 Louis Tomlinson: All of Those Voices
25%
TV Mini-Series 2013 1D Day
0%
TV Special 2019 Ant Middleton & Liam Payne: Straight Talking
0%
Web Series 2025 Building the Band
0%
TV Show 2014 Dancing with the Stars
0%
TV Show 2017 Drop the Mic
0%
Documentary Series 2014 Dynamo: Magician Impossible
0%
TV Show 2016 Family Guy
0%
TV Show 2019 Michael McIntyre's Big Show
0%
TV Documentary 2024 Price of Fame: The Liam Payne Story
0%
TV Show 2014 Sesame Street
0%
TV Show 2017 Sounds Like Friday Night
0%
TV Show 2019 Strictly Come Dancing
0%
Web Series 2021 Thanks a Million
0%
TV Show 2018 Top of the Pops
0%
No matching quizzes found
Score Distribution
Percent of People with Each Score
Percentile by Number Answered
Your Score History
You have not taken this quiz since the last reset